00534nam a22001697a 450000500170000001000150001702000270003203500130005903700130007208200140008510000150009924500780011426000340019227000600022630000280028650000500031420130611115557.0 aENG-107413 a9789381523384c1495.00 aEN-90946 bDBAD/PUB a720.95414 aDas, Samit aArchitecture of Santiniketan :cby Samit DasbTagore's concept of space / aNew DelhibNiyogi Booksc2013 aD-78, Okhla Industrial Area, Phase-IbNew Delhie110020 a179p. :c30cm(Hb)bill. aIncludes bibliographical references and index